Regiões Administrativas (Subdistritos) de Salvador em um Mapa - Statistics

Estatísticas Gerais
  • Esse quiz foi jogado 64 vezes
  • A pontuação média é 4 de 22
Respostas no mapa
Respostas codificadas por cores de uma escala verde-vermelha no mapa do quiz de acordo com a % correta abaixo.
 
Estatísticas das Respostas
Subdistrito % Correto
Brotas
68%
Paripe
35%
Amaralina
30%
Itapoã
30%
Periperi
27%
Valéria
27%
São Cristovão
24%
Vitória
22%
19%
Maré
16%
Pirajá
16%
Plataforma
16%
São Caetano
16%
Nazaré
14%
Penha
14%
Conceição da Praia
11%
Mares
11%
Passo
11%
Pilar
11%
Santo Antônio
11%
Santana
8%
São Pedro
5%
Nenhum quiz correspondente encontrado
Distribuição das Pontuações
Porcentagem de Pessoas com Cada Pontuação
Percentil de Números Respondidos
Sua Pontuação Histórica
Você não jogou esse quiz